| Tag |
First Indicator |
Second Indicator |
Subfields |
| LEADER |
00000cam a2200000 a 4500 |
| 001 |
in00000089436 |
| 005 |
20170126115014.0 |
| 008 |
800318s1978 rura 00011 engm |
| 010 |
|
|
|a 80457478
|
| 015 |
|
|
|a USSR***
|
| 035 |
|
|
|a (OCoLC)06196929
|
| 035 |
|
|
|9 AAK2270AM
|
| 040 |
|
|
|a DLC
|c DLC
|d m.c.
|d TXA
|d UtOrBLW
|
| 041 |
1 |
|
|a eng
|a rus
|
| 049 |
|
|
|a TXAM
|c [1441988]
|
| 050 |
0 |
0 |
|a PZ3.H4435
|b Wh 1978
|a PG3337.H4
|
| 090 |
|
|
|a PG3337.H4
|b W56 1978
|
| 100 |
1 |
|
|a Herzen, Aleksandr,
|d 1812-1870.
|
| 240 |
1 |
0 |
|a Kto vinovat?
|l English
|
| 245 |
1 |
0 |
|a Who is to blame? :
|b a novel in two parts /
|c Alexander Herzen ; [translated from the Russian by Margaret Wettlin].
|
| 264 |
|
1 |
|a Moscow :
|b Progress,
|c [1978]
|
| 264 |
|
4 |
|c ©1978
|
| 300 |
|
|
|a 274 pages :
|b illustrations (some color) ;
|c 21 cm.
|
| 336 |
|
|
|a text
|b txt
|2 rdacontent
|
| 337 |
|
|
|a unmediated
|b n
|2 rdamedia
|
| 338 |
|
|
|a volume
|b nc
|2 rdacarrier
|
| 490 |
1 |
|
|a Progress-Russian classics series
|
| 500 |
|
|
|a Translation of: Kto vinovat?
|
| 830 |
|
0 |
|a Progress Russian classics series.
|
| 999 |
|
|
|a MARS
|
| 999 |
f |
f |
|s 6fdb20d8-d0e5-331a-9117-a4a920c67f43
|i 02524be9-a85c-3320-8f93-e7d3746e65a0
|t 0
|
| 952 |
f |
f |
|p ric
|a Texas A&M University
|b Rellis Campus
|c Joint Library Facility
|s JLF
|d Remote Storage
|t 0
|e PG3337.H4 W56 1978
|h Library of Congress classification
|i unmediated -- volume
|m A14806196018
|
| 998 |
f |
f |
|a PG3337.H4 W56 1978
|t 0
|l Remote Storage
|